| 000 | 00800nam a2200229Ia 4500 | ||
|---|---|---|---|
| 003 | OSt | ||
| 005 | 20220918111023.0 | ||
| 006 | a|||||r|||| 00| 0 | ||
| 007 | ta | ||
| 008 | 220915b |||||||| |||| 00| 0 hin d | ||
| 024 | _a93,125 | ||
| 037 | _cReference Collections | ||
| 040 |
_aARTS _cARTS _bhin |
||
| 041 |
_2hin _ahin |
||
| 082 | _aP152:4k, J6;M9(RR) | ||
| 100 | _aकालिका प्रसाद, संपा. | ||
| 245 | 0 | _aबृहत् हिन्दी कोश | |
| 246 | _aBṛuhat hindī kosha | ||
| 260 |
_aवाराणसी _bज्ञानमण्डल लिमिटेड भारत _c1989 |
||
| 942 |
_hP152:4k, J6;M9(RR) _cREF |
||
| 999 |
_c116493 _d116493 |
||